The demand for Malaysian hardwood timber and timber products in the European Economic Community Countries

Bibliographic Details
Main Author: LUQMAN Mahmood
Format: Book
Published: Edinburgh, Scotland : University of Edinburgh , 1978
Subjects:

MARC

LEADER 00000cam a2200000 7i4500
001 0000001858
005 20020227.0
090 0 0 |a R THE674.142   |b LUQ 1978 
100 0 0 |a LUQMAN Mahmood 
245 1 4 |a The demand for Malaysian hardwood timber and timber products in the European Economic Community Countries   |c by Luqman Mahmood 
260 0 0 |a Edinburgh, Scotland :   |b University of Edinburgh ,   |c 1978 
300 |a viii,72 p. ;   |c 30 cm. 
500 0 0 |a Master of Science in Resource Management - University of Edinburgh (1978) 
650 0 0 |a Hardwoods 
650 0 0 |a Lumber trade 
998 |a JPSM 
999 |a 0000002918   |b Monograph   |c Thesis   |e Default branch